عرض عادي
عرض مارك
- Johnson, Helen.
مدخل إسم شخص
001 - رقم الضبط
- حقل الضبط: 56360
003 - معرف رقم الضبط
- حقل الضبط: OSt
005 - تاريخ ووقت أخر عملية
- حقل الضبط: 20160827130141.0
008 - عناصر بيانات ثابتة الطول
- حقل تحكم ثابت الطول: 160827|| aca||aabn | a|a d
040 ## - مصدر الفهرسة
- هيئة الفهرسة الأصلية: OSt
- وكالة الكتابة: OSt
100 ## - مدخل -- أسم شخص
- إسم شخص: Johnson, Helen.
670 ## - بيانات المصدر موجوده
- الاستشهاد بالمصدر: Work cat.: (OSt)0: Encyclopedic dictionary of applied linguistics :, 1998 (1999 printing).
